000 00709nam a2200301Ia 4500
005 20260401122439.0
008 008 250103s9999 xx 000 0 eng d
020 _a9788125034506
037 _aTB
040 _aEDL
040 _beng
040 _cEDL
041 _2eng
041 _aeng
084 _a398.209NAI
084 _qEDL
100 _aNaithani, Sadhana
_91233426
245 0 _aIn quest of Indian folktales : Pandit Ram Gharib Chaube and William Crooke
245 0 _cNaithani, Sadhana
260 _aDelhi
260 _bOrient BlackSwan
260 _c2009
300 _a328p
942 _cTB
942 _h398.209NAI
999 _c1847348
_d1847348